Per una storia della giurisprudenza romana: il problema dei miscelliones

Enregistré dans:
Détails bibliographiques
Auteur principal: Mantello, Antonio (autor)
Format: Livre
Langue:italien
Publié: Milán Giuffrè 1985
Collection:Università di Macerata, 49
Sujets:
Tags: Ajouter un tag
Pas de tags, Soyez le premier à ajouter un tag!

MARC

LEADER 00000nam a2200000 a 4500
001 UCO5664
003 CL-VaPUC
008 000908e19850000IT |||||||||||||||||ita|d
082 0 4 |a 340.54  |b MAN  |2 21 
100 |a Mantello, Antonio  |e autor  |9 577785 
245 1 0 |a Per una storia della giurisprudenza romana: il problema dei miscelliones 
300 |a 261 p 
942 |c BK 
945 |d 20000908 00:00:00  |a vberengu 
260 |a Milán  |b Giuffrè  |c 1985 
650 0 |a Jurisprudencia romana  |9 393300 
583 |a last modification  |c 20000908 00:00:00  |k Rodrigo Vera 
490 0 |a Università di Macerata, 49 
999 |c 291507  |d 291505 
952 |0 0  |1 0  |4 0  |6 340_540000000000000_MAN_1985  |7 0  |8 DER_ROM  |9 341377  |a BIBDER  |b BIBDER  |d 2019-11-20  |i 3591948  |o 340.54 MAN 1985  |p 3591948  |r 2023-01-25  |w 2019-11-20  |x Ubicación 4to piso  |y BK  |z Este recurso debe solicitarse con anticipación  |k DER